[Event "Aix en Provence Dole op 1st"]
[Site "Aix en Provence"]
[Date "2023.08.09"]
[Round "3"]
[White "Gatineau, Yovann"]
[Black "Loiseau, Quentin"]
[Result "1-0"]
[WhiteElo "2362"]
[BlackElo "2469"]
[PlyCount "125"]
[EventDate "2023.08.07"]
[EventType "swiss"]
[EventRounds "9"]
[EventCountry "FRA"]
[SourceTitle "CBM 215 Extra"]
[Source "ChessBase"]
[SourceDate "2023.09.30"]
[SourceVersion "1"]
[SourceVersionDate "2023.09.30"]
[SourceQuality "1"]

1. c4 Nf6 2. Nf3 c5 3. Nc3 d5 4. cxd5 Nxd5 5. d4 Nxc3 6. bxc3 g6 7. e4 Bg7 8. Be3 Bg4 9. Rc1 0-0 10. d5 Qa5 11. Qd2 Bxf3 12. gxf3 Nd7 13. f4 c4 14. Bxc4 Rac8 15. Qe2 Bxc3+ 16. Kf1 Nf6 17. Qd3 Bb2 18. Rc2 Qb4 19. Kg2 b5 20. Bb3 Rxc2 21. Bxc2 Rc8 22. Rb1 Ng4 23. Bxa7 Ra8 24. Bb3 Rxa7 25. Rxb2 Rc7 26. h3 Rc3 27. Qe2 Nf6 28. f3 Nh5 29. Qd2 Qc5 30. Rc2 b4 31. e5 Rxc2 32. Bxc2 Nxf4+ 33. Qxf4 Qxc2+ 34. Kg3 Qb1 35. Qd4 Qe1+ 36. Kg2 Qe2+ 37. Kg3 Qe1+ 38. Kf4 Qc1+ 39. Ke4 Qb1+ 40. Ke3 Qe1+ 41. Kd3 Qb1+ 42. Kc4 Qxa2+ 43. Kxb4 Qb1+ 44. Kc5 Qb7 45. d6 Qa7+ 46. Kc4 Qa4+ 47. Kc5 Qa7+ 48. Kc4 Qa4+ 49. Kd3 Qd1+ 50. Ke4 f5+ 51. Kd5 Qb3+ 52. Kc5 Qc2+ 53. Kb6 Qb3+ 54. Kc5 Qa3+ 55. Kb6 Qb3+ 56. Kc7 exd6 57. exd6 Qc2+ 58. Kd8 Kf7 59. Qd5+ Kf8 60. d7 Qe2 61. Qc5+ Kf7 62. Kc7 Qh2+ 63. Kc8 1-0

[Event "FRA-chT Top 16 Gp Haute"]
[Site "Chartres"]
[Date "2023.06.11"]
[Round "4.2"]
[White "Daulyte Cornette, Deimante"]
[Black "Loiseau, Quentin"]
[Result "0-1"]
[WhiteElo "2354"]
[BlackElo "2464"]
[PlyCount "42"]
[EventDate "2023.06.08"]
[EventType "team-tourn"]
[EventRounds "4"]
[EventCountry "FRA"]
[SourceTitle "CBM 214 Extra"]
[Source "ChessBase"]
[SourceDate "2023.07.31"]
[SourceVersion "1"]
[SourceVersionDate "2023.07.31"]
[SourceQuality "1"]
[WhiteTeam "Chartres"]
[BlackTeam "Grasse Echecs"]
[WhiteTeamCountry "FRA"]
[BlackTeamCountry "FRA"]

1. e4 c6 2. Nf3 d5 3. d3 g6 4. e5 Bg4 5. Bf4 Bg7 6. Nbd2 f6 7. exf6 Nxf6 8. h3 Bxf3 9. Nxf3 0-0 10. d4 Qb6 11. Bd3 Ne4 12. Be3 Qb4+ 13. Kf1 Nd7 14. Bxe4 dxe4 15. Ng5 e5 16. Nxe4 exd4 17. Bd2 Qxb2 18. Kg1 d3 19. c3 Rae8 20. f3 Qb6+ 21. Kh2 Rxe4 0-1

[Event "FRA-chT Top 16 GpB"]
[Site "Chartres"]
[Date "2023.06.06"]
[Round "6.32"]
[White "Loiseau, Quentin"]
[Black "Navrotescu, Andreea Cristiana"]
[Result "1-0"]
[WhiteElo "2464"]
[BlackElo "2252"]
[PlyCount "71"]
[EventDate "2023.06.01"]
[EventType "team-tourn"]
[EventRounds "7"]
[EventCountry "FRA"]
[SourceTitle "CBM 214 Extra"]
[Source "ChessBase"]
[SourceDate "2023.07.31"]
[SourceVersion "1"]
[SourceVersionDate "2023.07.31"]
[SourceQuality "1"]
[WhiteTeam "Grasse Echecs"]
[BlackTeam "Mulhouse Philidor"]
[WhiteTeamCountry "FRA"]
[BlackTeamCountry "FRA"]

1. e4 c5 2. Nf3 d6 3. d4 cxd4 4. Nxd4 Nf6 5. Nc3 Nc6 6. Bg5 e6 7. Bb5 Bd7 8. Qd3 Be7 9. 0-0-0 0-0 10. f4 Qb6 11. h4 Rfd8 12. Bxc6 Bxc6 13. f5 e5 14. Bxf6 Bxf6 15. Nb3 a5 16. Nd2 a4 17. Nc4 Qc5 18. Ne3 b5 19. Ncd5 Bxd5 20. Nxd5 b4 21. g4 b3 22. a3 bxc2 23. Rd2 Rdc8 24. g5 Bd8 25. Rxc2 Qf2 26. Kb1 Rxc2 27. Qxc2 Qf3 28. Rc1 Rb8 29. Qxa4 Kf8 30. Ka1 Qf2 31. Rc2 Qxh4 32. Qd7 Qh1+ 33. Ka2 Qxe4 34. Qxd6+ Ke8 35. Nc7+ Bxc7 36. Rxc7 1-0

[Event "FRA-chT Top 16 GpB"]
[Site "Chartres"]
[Date "2023.06.05"]
[Round "5.2"]
[White "Moussard, Jules"]
[Black "Loiseau, Quentin"]
[Result "1-0"]
[WhiteElo "2644"]
[BlackElo "2464"]
[PlyCount "77"]
[EventDate "2023.06.01"]
[EventType "team-tourn"]
[EventRounds "7"]
[EventCountry "FRA"]
[SourceTitle "CBM 214 Extra"]
[Source "ChessBase"]
[SourceDate "2023.07.31"]
[SourceVersion "1"]
[SourceVersionDate "2023.07.31"]
[SourceQuality "1"]
[WhiteTeam "Asnieres"]
[BlackTeam "Grasse Echecs"]
[WhiteTeamCountry "FRA"]
[BlackTeamCountry "FRA"]

1. e4 e5 2. Nf3 Nc6 3. Bb5 a6 4. Ba4 Nf6 5. 0-0 Be7 6. d3 b5 7. Bb3 d6 8. c3 0-0 9. h3 Na5 10. Bc2 c5 11. d4 cxd4 12. cxd4 exd4 13. Nxd4 Re8 14. Re1 Bb7 15. Nc3 Rc8 16. Nf5 Bf8 17. a3 d5 18. e5 Ne4 19. Qg4 Kh8 20. Bxe4 dxe4 21. Rd1 Qb6 22. Be3 Qc6 23. Rd6 Qc4 24. Rd4 Qe6 25. Nxe4 Nc6 26. Ned6 Nxe5 27. Qf4 Ng6 28. Qg3 Ba8 29. Nxe8 Qxf5 30. Nd6 Bxd6 31. Qxd6 h6 32. Qxa6 Kh7 33. Rc1 Rxc1+ 34. Bxc1 Be4 35. Qd6 Nh4 36. Qf4 Qxf4 37. Bxf4 Bc6 38. Bd2 g5 39. f3 1-0

[Event "FRA-chT Top 16 GpB"]
[Site "Chartres"]
[Date "2023.06.01"]
[Round "1.4"]
[White "Loiseau, Quentin"]
[Black "Visakh, Narayanan Rajeswari"]
[Result "1/2-1/2"]
[WhiteElo "2464"]
[BlackElo "2542"]
[PlyCount "84"]
[EventDate "2023.06.01"]
[EventType "team-tourn"]
[EventRounds "7"]
[EventCountry "FRA"]
[SourceTitle "CBM 214 Extra"]
[Source "ChessBase"]
[SourceDate "2023.07.31"]
[SourceVersion "1"]
[SourceVersionDate "2023.07.31"]
[SourceQuality "1"]
[WhiteTeam "Grasse Echecs"]
[BlackTeam "Metz Fischer"]
[WhiteTeamCountry "FRA"]
[BlackTeamCountry "FRA"]

1. e4 e5 2. Nf3 Nc6 3. Bb5 a6 4. Ba4 Nf6 5. 0-0 Be7 6. Re1 b5 7. Bb3 d6 8. c3 0-0 9. h3 Re8 10. Ng5 Rf8 11. Nf3 Nb8 12. d4 Nbd7 13. Nbd2 Bb7 14. Bc2 Re8 15. Nf1 Bf8 16. Ng3 g6 17. a4 c5 18. d5 c4 19. Bg5 h6 20. Be3 Nc5 21. Qd2 h5 22. Qe2 Nfd7 23. Nd2 Nb6 24. a5 Nbd7 25. Rf1 Bg7 26. Qd1 Rc8 27. Ne2 Rc7 28. Kh1 Qe7 29. f4 exf4 30. Nxf4 Ne5 31. Bd4 Bc8 32. Qe1 h4 33. Qf2 Qd8 34. Rae1 Bh6 35. b4 cxb3 36. Nxb3 Nxb3 37. Bxb3 Qg5 38. Re3 Kh7 39. Bc2 Rce7 40. Nd3 Nc4 41. Rf3 f5 42. exf5 Bxf5 1/2-1/2

[Event "Reykjavik op"]
[Site "Reykjavik"]
[Date "2023.04.02"]
[Round "7"]
[White "Jacobson, Brandon"]
[Black "Loiseau, Quentin"]
[Result "0-1"]
[WhiteElo "2543"]
[BlackElo "2449"]
[PlyCount "78"]
[EventDate "2023.03.29"]
[EventType "swiss"]
[EventRounds "9"]
[EventCountry "ISL"]
[SourceTitle "CBM 213 Extra"]
[Source "ChessBase"]
[SourceDate "2023.05.31"]
[SourceVersion "1"]
[SourceVersionDate "2023.05.31"]
[SourceQuality "1"]

1. c4 e6 2. g3 d5 3. Bg2 dxc4 4. Qa4+ Nd7 5. Qxc4 Rb8 6. Nf3 b5 7. Qc2 c5 8. d3 Bb7 9. 0-0 Ngf6 10. a4 a6 11. Nc3 Qb6 12. axb5 axb5 13. Be3 Bd6 14. h3 0-0 15. b4 Rfc8 16. Rfc1 Qd8 17. bxc5 Bxc5 18. Bxc5 Nxc5 19. Rab1 Bxf3 20. Bxf3 b4 21. Nd1 b3 22. Qd2 Na4 23. Bc6 Nb6 24. Bb5 Qd5 25. Rxc8+ Rxc8 26. Nc3 Qh5 27. Kg2 Nbd5 28. Bc4 Nxc3 29. Qxc3 Qxe2 30. Rxb3 h5 31. Rb2 Qd1 32. Qa5 Qc1 33. Rb7 h4 34. Qa7 hxg3 35. Rxf7 gxf2 36. Rxg7+ Kh8 37. Kxf2 Qf4+ 38. Kg2 Rb8 39. Kh1 Rb1+ 0-1

[Event "EU-ch 23rd"]
[Site "Vrnjacka Banja"]
[Date "2023.03.04"]
[Round "2"]
[White "Loiseau, Quentin"]
[Black "Vocaturo, Daniele"]
[Result "1/2-1/2"]
[WhiteElo "2449"]
[BlackElo "2619"]
[PlyCount "35"]
[EventDate "2023.03.03"]
[EventType "swiss"]
[EventRounds "11"]
[EventCountry "SRB"]
[SourceTitle "CBM 213"]
[Source "ChessBase"]
[SourceDate "2023.04.30"]
[SourceVersion "1"]
[SourceVersionDate "2023.04.30"]
[SourceQuality "1"]

1. e4 e5 2. Nf3 Nc6 3. Bb5 a6 4. Ba4 Nf6 5. 0-0 b5 6. Bb3 Bc5 7. a4 Rb8 8. c3 d6 9. d4 Bb6 10. a5 Ba7 11. h3 Bb7 12. Be3 Nxe4 13. Re1 exd4 14. Bg5 Ne7 15. Nbd2 d5 16. Nxe4 dxe4 17. Nxd4 Bxd4 18. cxd4 1/2-1/2

[Event "FRA-ch Accession"]
[Site "Albi"]
[Date "2022.08.21"]
[Round "9"]
[White "Loiseau, Quentin"]
[Black "Durand Le Ludec, Brendan Bubok"]
[Result "1-0"]
[WhiteElo "2432"]
[BlackElo "2217"]
[PlyCount "63"]
[EventDate "2022.08.13"]
[EventType "swiss"]
[EventRounds "9"]
[EventCountry "FRA"]
[SourceTitle "CBM 210 Extra"]
[Source "ChessBase"]
[SourceDate "2022.11.30"]
[SourceVersion "1"]
[SourceVersionDate "2022.11.30"]
[SourceQuality "1"]

1. d4 Nf6 2. Nf3 g6 3. c4 Bg7 4. Nc3 0-0 5. e4 d6 6. Be2 Nbd7 7. Be3 e5 8. d5 Nc5 9. Nd2 a5 10. g4 Ne8 11. h4 f5 12. g5 c6 13. h5 Rf7 14. exf5 gxf5 15. h6 Bf8 16. Qc2 Rc7 17. f4 Na6 18. a3 Re7 19. Nf3 exf4 20. Bxf4 Nc5 21. 0-0-0 Qb6 22. g6 hxg6 23. Rdg1 Kh7 24. Nh4 Nb3+ 25. Kb1 Nd4 26. Qd3 Nxe2 27. Nxe2 Nf6 28. Nxg6 Rf7 29. Nxf8+ Rxf8 30. Rg7+ Kh8 31. Qg3 Ng4 32. Rxg4 1-0

[Event "FRA-ch Accession"]
[Site "Albi"]
[Date "2022.08.18"]
[Round "6"]
[White "Defromont, Benjamin"]
[Black "Loiseau, Quentin"]
[Result "1/2-1/2"]
[WhiteElo "2292"]
[BlackElo "2432"]
[PlyCount "49"]
[EventDate "2022.08.13"]
[EventType "swiss"]
[EventRounds "9"]
[EventCountry "FRA"]
[SourceTitle "CBM 210 Extra"]
[Source "ChessBase"]
[SourceDate "2022.11.30"]
[SourceVersion "1"]
[SourceVersionDate "2022.11.30"]
[SourceQuality "1"]

1. e4 e5 2. Nf3 Nc6 3. Bb5 a6 4. Ba4 g6 5. d4 exd4 6. Bg5 Be7 7. Bxe7 Ngxe7 8. Nxd4 b5 9. Nxc6 dxc6 10. Qxd8+ Kxd8 11. Bb3 c5 12. c3 c4 13. Bc2 c5 14. Nd2 Kc7 15. 0-0 Rd8 16. Rfd1 Nc6 17. Nf1 Be6 18. f4 f6 19. Ne3 Rxd1+ 20. Rxd1 Rd8 21. Kf2 Rd6 22. h4 Ne7 23. Rxd6 Kxd6 24. g4 h6 25. Kg3 1/2-1/2

[Event "Baia Mare Limpedea Cup 5th"]
[Site "Baia Mare"]
[Date "2022.08.07"]
[Round "9"]
[White "Loiseau, Quentin"]
[Black "Miszler, Levente"]
[Result "1/2-1/2"]
[WhiteElo "2432"]
[BlackElo "2252"]
[PlyCount "31"]
[EventDate "2022.08.01"]
[EventType "tourn"]
[EventRounds "9"]
[EventCountry "ROU"]
[EventCategory "7"]
[SourceTitle "EXT 2024"]
[Source "ChessBase"]
[SourceDate "2023.10.10"]
[SourceVersion "1"]
[SourceVersionDate "2023.10.10"]
[SourceQuality "1"]

1. e4 e6 2. d4 d5 3. Nc3 Nf6 4. Bg5 dxe4 5. Nxe4 Be7 6. Bxf6 gxf6 7. Nf3 f5 8. Nc3 a6 9. Qe2 b5 10. Qe3 Qd6 11. 0-0-0 Nd7 12. d5 Nb6 13. dxe6 Qxe6 14. Re1 Qxe3+ 15. Rxe3 b4 16. Ng1 1/2-1/2

[Event "Paris-ch IdF"]
[Site "Paris"]
[Date "2022.07.14"]
[Round "4"]
[White "Aarav, Dengla"]
[Black "Loiseau, Quentin"]
[Result "1/2-1/2"]
[WhiteElo "2309"]
[BlackElo "2433"]
[PlyCount "36"]
[EventDate "2022.07.12"]
[EventType "swiss"]
[EventRounds "9"]
[EventCountry "FRA"]
[SourceTitle "CBM 209 Extra"]
[Source "ChessBase"]
[SourceDate "2022.09.30"]
[SourceVersion "1"]
[SourceVersionDate "2022.09.30"]
[SourceQuality "1"]

1. e4 e5 2. Nf3 Nc6 3. Bb5 a6 4. Ba4 Nf6 5. 0-0 Bc5 6. Re1 b5 7. Bb3 d6 8. c3 0-0 9. h3 Bb7 10. a4 d5 11. axb5 axb5 12. Rxa8 Bxa8 13. d3 h6 14. Nbd2 Re8 15. exd5 Nxd5 16. Ne4 Be7 17. Ned2 Bc5 18. d4 Bf8 1/2-1/2

[Event "Paris-ch IdF"]
[Site "Paris"]
[Date "2022.07.13"]
[Round "2"]
[White "Bonte, Andrei Mihai"]
[Black "Loiseau, Quentin"]
[Result "0-1"]
[WhiteElo "2329"]
[BlackElo "2433"]
[PlyCount "132"]
[EventDate "2022.07.12"]
[EventType "swiss"]
[EventRounds "9"]
[EventCountry "FRA"]
[SourceTitle "CBM 209 Extra"]
[Source "ChessBase"]
[SourceDate "2022.09.30"]
[SourceVersion "1"]
[SourceVersionDate "2022.09.30"]
[SourceQuality "1"]

1. d4 Nf6 2. Nf3 d5 3. Bf4 g6 4. e3 Bg7 5. Nbd2 Nbd7 6. h3 0-0 7. Be2 c5 8. c3 b6 9. 0-0 Bb7 10. a4 Ne4 11. Qb3 Nxd2 12. Nxd2 e5 13. dxe5 Nxe5 14. a5 c4 15. Qa4 Bc6 16. Qa3 Re8 17. Rfd1 Bf8 18. Qa2 Qf6 19. Nf3 Nxf3+ 20. Bxf3 Qe6 21. Rd2 b5 22. Rad1 Rad8 23. b4 Bg7 24. Rd4 Bxd4 25. Rxd4 Qf6 26. Qd2 Rd7 27. Bg4 Rde7 28. Bf3 Rd7 29. Bh6 Qf5 30. Bg4 Qb1+ 31. Kh2 Rde7 32. Bf3 Qf5 33. Bxd5 Bxd5 34. Rxd5 Re5 35. Qd4 Qe4 36. Qxe4 Rxe4 37. Rxb5 R4e5 38. Rxe5 Rxe5 39. Bf4 Rd5 40. e4 Rd3 41. Be5 a6 42. g4 h6 43. h4 h5 44. g5 Kf8 45. Kg2 Ke7 46. Kf1 Ke6 47. Bd4 Kd7 48. Ke2 Rh3 49. Be5 Rxh4 50. Ke3 Kc6 51. f3 Rh1 52. f4 Rh3+ 53. Kd4 Kb5 54. Bc7 h4 55. f5 Rd3+ 56. Ke5 Kc6 57. Bb8 Rd8 58. Ba7 h3 59. Bg1 Rd1 60. Bh2 Rd2 61. Bf4 h2 62. Bxh2 Rxh2 63. Kf6 gxf5 64. exf5 Rf2 65. Ke5 Rf3 66. Kf6 Kb5 0-1

[Event "FRA-chT Top 16 Gp Haute"]
[Site "Chartres"]
[Date "2022.06.19"]
[Round "4.1"]
[White "Loiseau, Quentin"]
[Black "Decuigniere, Tom"]
[Result "1/2-1/2"]
[WhiteElo "2442"]
[BlackElo "2361"]
[PlyCount "71"]
[EventDate "2022.06.16"]
[EventType "team-tourn"]
[EventRounds "4"]
[EventCountry "FRA"]
[SourceTitle "CBM 208 Extra"]
[Source "ChessBase"]
[SourceDate "2022.07.31"]
[SourceVersion "1"]
[SourceVersionDate "2022.07.31"]
[SourceQuality "1"]
[WhiteTeam "Grasse Echecs"]
[BlackTeam "Vandoeuvre"]
[WhiteTeamCountry "FRA"]
[BlackTeamCountry "FRA"]

1. e4 c6 2. d4 d5 3. e5 Bf5 4. Nf3 e6 5. Be2 Nd7 6. 0-0 Bg6 7. c3 Nh6 8. a4 a5 9. Na3 f6 10. c4 Nf7 11. cxd5 cxd5 12. Nb5 Bb4 13. Bd2 0-0 14. Bxb4 axb4 15. exf6 gxf6 16. Qd2 Qe7 17. Nh4 Nb8 18. Rfe1 Nc6 19. Bg4 Ng5 20. Nxg6 hxg6 21. h4 Ne4 22. Qh6 f5 23. Qxg6+ Kh8 24. Qh6+ Kg8 25. Qg6+ Kh8 26. f3 Qxh4 27. Qh5+ Qxh5 28. Bxh5 Nf6 29. Rxe6 Kg7 30. g4 fxg4 31. fxg4 Rh8 32. Re3 Nxh5 33. gxh5 Rxh5 34. Rg3+ Kf6 35. Nc7 Rd8 36. Rd1 1/2-1/2

[Event "FRA-chT Top 16 Gp Haute"]
[Site "Chartres"]
[Date "2022.06.18"]
[Round "3.2"]
[White "Gatineau, Yovann"]
[Black "Loiseau, Quentin"]
[Result "1-0"]
[WhiteElo "2367"]
[BlackElo "2442"]
[PlyCount "109"]
[EventDate "2022.06.16"]
[EventType "team-tourn"]
[EventRounds "4"]
[EventCountry "FRA"]
[SourceTitle "CBM 208 Extra"]
[Source "ChessBase"]
[SourceDate "2022.07.31"]
[SourceVersion "1"]
[SourceVersionDate "2022.07.31"]
[SourceQuality "1"]
[WhiteTeam "Mulhouse Philidor"]
[BlackTeam "Grasse Echecs"]
[WhiteTeamCountry "FRA"]
[BlackTeamCountry "FRA"]

1. e4 c5 2. Nf3 d6 3. Bb5+ Nc6 4. 0-0 Bd7 5. Re1 a6 6. Bxc6 Bxc6 7. d4 cxd4 8. Nxd4 Rc8 9. Nc3 Nf6 10. Bg5 e6 11. Nd5 h6 12. Bxf6 gxf6 13. Qh5 Bd7 14. Re3 Bg7 15. Nc3 Rc5 16. Qf3 Kf8 17. Rd1 Qc7 18. Red3 Rg8 19. Nde2 Rc6 20. Nf4 Bh8 21. Qh5 b5 22. a3 Qb8 23. Qxh6+ Bg7 24. Qh4 Rh8 25. Qg4 b4 26. axb4 Qxb4 27. Rg3 Bh6 28. Nfd5 Qxb2 29. Rb1 Qxc2 30. h3 a5 31. Rb7 Bg5 32. Rxd7 exd5 33. Nxd5 Qb1+ 34. Kh2 Rc1 35. Rxf7+ Kg8 36. Nxf6+ Kxf7 37. Qd7+ Kxf6 38. Qxd6+ Kf7 39. Qd5+ Ke8 40. Rxg5 Rh1+ 41. Kg3 Qb8+ 42. f4 Qc7 43. Qe6+ Qe7 44. Qc8+ Qd8 45. Re5+ Kf7 46. Qe6+ Kg7 47. Qg4+ Kf8 48. Qf5+ Kg7 49. Qg4+ Kf8 50. Rf5+ Ke7 51. Qg5+ Kd6 52. Rd5+ Kc7 53. Qg7+ Kc6 54. Qc3+ Kb7 55. Rb5+ 1-0

[Event "FRA-chT Top 16 Gp Haute"]
[Site "Chartres"]
[Date "2022.06.17"]
[Round "2.1"]
[White "Cornette, Matthieu"]
[Black "Loiseau, Quentin"]
[Result "1-0"]
[WhiteElo "2563"]
[BlackElo "2442"]
[PlyCount "81"]
[EventDate "2022.06.16"]
[EventType "team-tourn"]
[EventRounds "4"]
[EventCountry "FRA"]
[SourceTitle "CBM 208 Extra"]
[Source "ChessBase"]
[SourceDate "2022.07.31"]
[SourceVersion "1"]
[SourceVersionDate "2022.07.31"]
[SourceQuality "1"]
[WhiteTeam "Asnieres"]
[BlackTeam "Grasse Echecs"]
[WhiteTeamCountry "FRA"]
[BlackTeamCountry "FRA"]

1. e4 e5 2. Nf3 Nc6 3. Bb5 a6 4. Ba4 Nf6 5. 0-0 Be7 6. d3 d6 7. c4 0-0 8. h3 Nd7 9. Be3 Bf6 10. Nc3 Nd4 11. Bxd7 Nxf3+ 12. Qxf3 Qxd7 13. Rfd1 c6 14. d4 Qc7 15. Qg3 Be6 16. c5 d5 17. exd5 Bxd5 18. Nxd5 cxd5 19. b4 Qe7 20. Rac1 e4 21. Bf4 Rfe8 22. a4 Qd7 23. Qb3 Qf5 24. Be3 Bg5 25. b5 axb5 26. axb5 h6 27. Ra1 Bxe3 28. fxe3 Qg5 29. Rdc1 Kh7 30. Rf1 f5 31. Rxa8 Rxa8 32. Qxd5 Rf8 33. Rf4 Qg3 34. Rxf5 Qxe3+ 35. Kh2 Ra8 36. Rf7 Re8 37. Qf5+ Kh8 38. Rf8+ Rxf8 39. Qxf8+ Kh7 40. Qf5+ Kh8 41. Qe5 1-0

[Event "FRA-chT Top 16 Gp Haute"]
[Site "Chartres"]
[Date "2022.06.16"]
[Round "1.4"]
[White "Loiseau, Quentin"]
[Black "Delorme, Axel"]
[Result "0-1"]
[WhiteElo "2442"]
[BlackElo "2464"]
[PlyCount "74"]
[EventDate "2022.06.16"]
[EventType "team-tourn"]
[EventRounds "4"]
[EventCountry "FRA"]
[SourceTitle "CBM 208 Extra"]
[Source "ChessBase"]
[SourceDate "2022.07.31"]
[SourceVersion "1"]
[SourceVersionDate "2022.07.31"]
[SourceQuality "1"]
[WhiteTeam "Grasse Echecs"]
[BlackTeam "Clichy Echecs 92"]
[WhiteTeamCountry "FRA"]
[BlackTeamCountry "FRA"]

1. d4 Nf6 2. c4 e6 3. g3 d5 4. Bg2 Be7 5. Nf3 0-0 6. 0-0 c6 7. Qc2 b6 8. Nbd2 Bb7 9. e4 a5 10. Re1 Na6 11. a3 Rc8 12. e5 Nd7 13. Bf1 dxc4 14. Ne4 c5 15. Neg5 g6 16. d5 Bxd5 17. Bxc4 Nc7 18. h4 b5 19. Bxd5 exd5 20. h5 Ne6 21. Nxe6 fxe6 22. hxg6 Rxf3 23. gxh7+ Kh8 24. Qg6 Qe8 25. Qxe6 Rf7 26. Bf4 d4 27. Qg4 Rg7 28. Qf5 Nb6 29. Bh6 Rxh7 30. Kg2 Qc6+ 31. f3 Qxh6 32. Rh1 Qd2+ 33. Kg1 Rxh1+ 34. Kxh1 Kg7 35. Qg4+ Qg5 36. Qe6 Rh8+ 37. Kg2 Rh6 0-1

[Event "FRA-chT Top 16 GpA"]
[Site "Chartres"]
[Date "2022.06.15"]
[Round "7.4"]
[White "Loiseau, Quentin"]
[Black "Naiditsch, Arkadij"]
[Result "0-1"]
[WhiteElo "2442"]
[BlackElo "2653"]
[PlyCount "72"]
[EventDate "2022.06.09"]
[EventType "team-tourn"]
[EventRounds "7"]
[EventCountry "FRA"]
[SourceTitle "CBM 208 Extra"]
[Source "ChessBase"]
[SourceDate "2022.07.31"]
[SourceVersion "1"]
[SourceVersionDate "2022.07.31"]
[SourceQuality "1"]
[WhiteTeam "Grasse Echecs"]
[BlackTeam "Bischwiller"]
[WhiteTeamCountry "FRA"]
[BlackTeamCountry "FRA"]

1. e4 e5 2. Nf3 Nc6 3. d4 exd4 4. Nxd4 Nf6 5. Nc3 Bb4 6. Nxc6 bxc6 7. Bd3 0-0 8. 0-0 Re8 9. Bg5 Rb8 10. Qf3 Bd6 11. Bxf6 Qxf6 12. Qxf6 gxf6 13. Rab1 Be5 14. Nd1 Bd4 15. c3 Bb6 16. Ne3 Bxe3 17. fxe3 Kg7 18. Rf4 c5 19. b3 Rb6 20. Rbf1 Rd6 21. Bc4 Bb7 22. Rg4+ Kf8 23. Rgf4 Rxe4 24. Rxf6 Rxf6 25. Rxf6 d5 26. Ba6 Kg7 27. Rxf7+ Kxf7 28. Bxb7 Rxe3 29. Bxd5+ Kf6 30. a4 Rxc3 31. Kf2 Ke5 32. Bg8 h6 33. h3 Kf4 34. Ke2 c6 35. Kd2 Rg3 36. Be6 Ke5 0-1

[Event "FRA-chT Top 16 GpA"]
[Site "Chartres"]
[Date "2022.06.11"]
[Round "3.1"]
[White "Loiseau, Quentin"]
[Black "Guliyev, Namig"]
[Result "1/2-1/2"]
[WhiteElo "2442"]
[BlackElo "2547"]
[PlyCount "57"]
[EventDate "2022.06.09"]
[EventType "team-tourn"]
[EventRounds "7"]
[EventCountry "FRA"]
[SourceTitle "CBM 208 Extra"]
[Source "ChessBase"]
[SourceDate "2022.07.31"]
[SourceVersion "1"]
[SourceVersionDate "2022.07.31"]
[SourceQuality "1"]
[WhiteTeam "Grasse Echecs"]
[BlackTeam "Chartres"]
[WhiteTeamCountry "FRA"]
[BlackTeamCountry "FRA"]

1. d4 d5 2. c4 dxc4 3. e4 b5 4. a4 c6 5. axb5 cxb5 6. Nc3 Qb6 7. Nd5 Qb7 8. Bf4 e5 9. Bxe5 Nd7 10. Bf4 Ngf6 11. Nc7+ Kd8 12. Nxa8 Qxe4+ 13. Ne2 Qxa8 14. f3 Bb4+ 15. Nc3 a5 16. Bd2 Qc6 17. Be2 Re8 18. 0-0 a4 19. Ne4 Bxd2 20. Qxd2 Qb6 21. Kh1 h6 22. Nc3 Ba6 23. Rfe1 Re6 24. Rad1 Bb7 25. d5 Rd6 26. Qd4 Qxd4 27. Rxd4 Ba6 28. Bd1 Nc5 29. Bc2 1/2-1/2

[Event "Montebelluna Grandiscacchi op"]
[Site "Montebelluna"]
[Date "2022.05.20"]
[Round "9"]
[White "Siddharth, Jagadeesh"]
[Black "Loiseau, Quentin"]
[Result "1/2-1/2"]
[WhiteElo "2393"]
[BlackElo "2445"]
[PlyCount "35"]
[EventDate "2022.05.16"]
[EventType "tourn"]
[EventRounds "9"]
[EventCountry "ITA"]
[SourceTitle "EXT 2023"]
[Source "ChessBase"]
[SourceDate "2022.10.05"]
[SourceVersion "1"]
[SourceVersionDate "2022.10.05"]
[SourceQuality "1"]

1. d4 Nf6 2. c4 g6 3. Nc3 Bg7 4. e4 d6 5. Bd3 0-0 6. Nge2 Nc6 7. 0-0 e5 8. d5 Nd4 9. Nxd4 exd4 10. Ne2 Nd7 11. Bc2 Ne5 12. Nxd4 Nxc4 13. b3 Qf6 14. bxc4 Qxd4 15. Qxd4 Bxd4 16. Rb1 b6 17. Rd1 Bc5 18. Re1 1/2-1/2

[Event "Montebelluna Grandiscacchi op"]
[Site "Montebelluna"]
[Date "2022.05.19"]
[Round "7"]
[White "Safarli, Eltaj"]
[Black "Loiseau, Quentin"]
[Result "1-0"]
[WhiteElo "2600"]
[BlackElo "2445"]
[PlyCount "155"]
[EventDate "2022.05.16"]
[EventType "tourn"]
[EventRounds "9"]
[EventCountry "ITA"]
[SourceTitle "EXT 2023"]
[Source "ChessBase"]
[SourceDate "2022.10.05"]
[SourceVersion "1"]
[SourceVersionDate "2022.10.05"]
[SourceQuality "1"]

1. e4 e5 2. Nf3 Nc6 3. Bb5 Nf6 4. 0-0 Nxe4 5. Re1 Nd6 6. Nxe5 Be7 7. Bf1 Nxe5 8. Rxe5 0-0 9. d4 Bf6 10. Re1 Nf5 11. d5 d6 12. Nd2 Bg5 13. Ne4 Bxc1 14. Rxc1 Bd7 15. g3 Re8 16. Qd2 Ne7 17. c4 Bf5 18. Bg2 Ng6 19. f4 Bxe4 20. Bxe4 Qf6 21. Bg2 Kf8 22. b4 Rxe1+ 23. Rxe1 b6 24. c5 bxc5 25. bxc5 Ne7 26. Qa5 Rc8 27. Qxa7 Qd4+ 28. Kh1 Nxd5 29. Qb7 Ne7 30. cxd6 Qxd6 31. a4 Qa3 32. Qe4 c6 33. Qe5 Ra8 34. Ra1 Qb4 35. a5 f6 36. Qh5 f5 37. Qd1 Nd5 38. Bxd5 cxd5 39. Qxd5 Re8 40. Qxf5+ Kg8 41. Qd5+ Kf8 42. Rd1 Re1+ 43. Rxe1 Qxe1+ 44. Kg2 Qe2+ 45. Kh3 h6 46. Qe5 Qf3 47. Kh4 Qf2 48. h3 Qa2 49. Qb8+ Kf7 50. Qb7+ Kg6 51. a6 Qe6 52. Qb1+ Kf7 53. Qd3 g6 54. Qb5 Qf6+ 55. Kg4 Qe6+ 56. Kf3 Qxh3 57. Qd5+ Kf6 58. Qd4+ Kf7 59. a7 Qh1+ 60. Ke2 Qg2+ 61. Kd3 Qf3+ 62. Kd2 Qg2+ 63. Kc3 Qb7 64. Qc5 Kg7 65. Qe5+ Kh7 66. Qb8 Qf3+ 67. Kb4 Qe4+ 68. Ka5 Qe1+ 69. Qb4 Qa1+ 70. Qa4 Qc3+ 71. Kb5 Qd3+ 72. Qc4 Qb1+ 73. Kc6 Qh1+ 74. Qd5 Qa1 75. Qd7+ Kg8 76. Qd8+ Kf7 77. a8Q Qc3+ 78. Kb7 1-0